[Event "8 Player Open 19"]
[Site "SchemingMind.com"]
[Date "2015.01.23"]
[Round "-"]
[White "jerryface"]
[Black "Stephen Woodhouse"]
[Result "0-1"]
[WhiteCountry "USA"]
[BlackCountry "ENG"]
[WhiteElo "1653"]
[WhiteRD "100"]
[BlackElo "1859"]
[BlackRD "49"]
[GameID "373576"]

1. e4 e6 2. d4 d5 3. Ne2 dxe4 4. Nbc3 Nf6 5. Bg5 Be7 6. Bxf6 Bxf6 7. Nxe4 O-O 8. Qd3 Nd7 9. O-O-O b6 10. f4 Qe7
11. g4 g6 12. f5 exf5 13. gxf5 Bb7 14. Nxf6+ Nxf6 15. Rg1 Be4 16. Qc3 Bxf5 17. Nf4 Ne4 18. Qf3 Rad8 19. c3 Rfe8 20. Bd3 Nd6
21. Nd5 Qh4 22. Bxf5 Nxf5 23. Nxc7 Qe4 24. Qxe4 Rxe4 25. Rde1 Rxe1+ 26. Rxe1 Rd7 27. Ne8 Re7 28. Rxe7 Nxe7 29. c4 Nc6 30. d5 Ne5
31. b3 f5 32. Nd6 a5 33. a4 Nd7 34. Kc2 Kg7 35. Kc3 Kf6 36. b4 Ke5 37. Nb5 f4 38. Nd4 axb4+ 39. Kd3 Nc5+
0-1

[Event "8 Player Open 19"]
[Site "SchemingMind.com"]
[Date "2015.01.23"]
[Round "-"]
[White "Geoffrey Rosser"]
[Black "MazetaFighter"]
[Result "1-0"]
[WhiteCountry "ENG"]
[BlackCountry "GRE"]
[WhiteElo "1821"]
[WhiteRD "65"]
[BlackElo "1983"]
[BlackRD "85"]
[GameID "373577"]

1. e4 e5 2. Nf3 Nc6 3. Bc4 Bc5 4. O-O Nf6 5. d3 d6 6. c3 a5 7. Be3 Bxe3 8. fxe3 O-O 9. Nbd2 Qe7 10. Qe1 Nd8
11. Qh4 Ne6 12. Bxe6 Bxe6 13. Ng5 Bd7 14. Rxf6
1-0

[Event "8 Player Open 19"]
[Site "SchemingMind.com"]
[Date "2015.01.24"]
[Round "-"]
[White "MazetaFighter"]
[Black "Geoffrey Rosser"]
[Result "1-0"]
[WhiteCountry "GRE"]
[BlackCountry "ENG"]
[WhiteElo "2009"]
[WhiteRD "78"]
[BlackElo "1839"]
[BlackRD "69"]
[GameID "373578"]

1. d4 Nf6 2. c4 g6 3. Nc3 Bg7 4. e4 d6 5. Nf3 O-O 6. Be2 Nbd7 7. O-O e5 8. Qc2 exd4 9. Nxd4 Ne5 10. Rd1 Bg4
11. f3 c5 12. Ndb5 Nxf3+ 13. Bxf3 Bxf3 14. gxf3 Nh5 15. Rxd6 Bd4+ 16. Kh1 Qe7 17. Nd5 Qh4 18. Bh6 Ng3+ 19. Kg2 Qxh6 20. Nxd4 cxd4
21. hxg3 Qg5 22. Qd3 f5 23. Qxd4 f4 24. g4 Qh4 25. Qf2
1-0

[Event "8 Player Open 19"]
[Site "SchemingMind.com"]
[Date "2015.01.23"]
[Round "-"]
[White "thefriediceman"]
[Black "MazetaFighter"]
[Result "1/2-1/2"]
[WhiteCountry "USA"]
[BlackCountry "GRE"]
[WhiteElo "2032"]
[WhiteRD "88"]
[BlackElo "2038"]
[BlackRD "76"]
[GameID "373579"]

1. e4 e5 2. Nf3 Nc6 3. Nc3 Nf6 4. d3 d5 5. Nd2 d4 6. Ne2 Be7 7. f4 Ng4 8. Nf3 O-O 9. h3 Ne3 10. Bxe3 dxe3
11. fxe5 Nxe5 12. Nc3 Bh4+ 13. Ke2 Nxf3 14. gxf3 f5 15. Kxe3 fxe4 16. Nxe4 Bf5 17. f4 Re8 18. Bg2 c6 19. Kf3 Qd4 20. Qe2 Bxe4+
21. dxe4 Rxe4 22. Qxe4 Qf2+ 23. Kg4 Qg3+ 24. Kh5 Bf6 25. Qe6+ Kh8 26. Qg4 Qf2 27. b4 Qe3 28. Rae1 g6+ 29. Kh6 Qc3 30. Qe6 Rf8
31. Re3 Bg7+ 32. Kg5 Qd2 33. Qe4 Qf2 34. h4 Rf5+ 35. Kg4 h5+ 36. Kh3 Rxf4 37. Qe8+ Kh7 38. Rg3 Rg4 39. Qb8 Qd4 40. Bf3 Rxh4+
41. Kg2 Qd2+ 42. Kf1 Qc1+ 43. Ke2 Qxc2+ 44. Kf1 Qc1+ 45. Ke2 Qc2+=
1/2-1/2

[Event "8 Player Open 19"]
[Site "SchemingMind.com"]
[Date "2015.01.24"]
[Round "-"]
[White "MazetaFighter"]
[Black "thefriediceman"]
[Result "1/2-1/2"]
[WhiteCountry "GRE"]
[BlackCountry "USA"]
[WhiteElo "2008"]
[WhiteRD "76"]
[BlackElo "2024"]
[BlackRD "89"]
[GameID "373580"]

1. e4 e5 2. Nf3 Nc6 3. Bb5 a6 4. Ba4 Nf6 5. O-O Be7 6. Re1 b5 7. Bb3 d6 8. c3 O-O 9. h3 Nb8 10. d4 Nbd7
11. Nbd2 Bb7 12. Bc2 Re8 13. a4 Bf8 14. Bd3 c6 15. b3 g6 16. Bb2 Bg7 17. Qc2 Qc7 18. c4 bxc4 19. Nxc4 exd4 20. Bxd4 c5
21. Bc3 d5 22. exd5 Nxd5 23. Bxg7 Kxg7 24. Be4 Kg8 25. Red1=
1/2-1/2

[Event "8 Player Open 19"]
[Site "SchemingMind.com"]
[Date "2015.01.26"]
[Round "-"]
[White "MazetaFighter"]
[Black "emvarela"]
[Result "1-0"]
[WhiteCountry "GRE"]
[BlackCountry "ARG"]
[WhiteElo "2008"]
[WhiteRD "76"]
[BlackElo "1679"]
[BlackRD "50"]
[GameID "373581"]

1. e4 e5 2. Nf3 Nc6 3. Bb5 a6 4. Ba4 Nf6 5. O-O Be7 6. Re1 b5 7. Bb3 Bb7 8. d3 O-O 9. Nbd2 h6 10. Nf1 Na5
11. Nxe5 Nxb3 12. axb3 d5 13. exd5 Bxd5 14. Ne3 c6 15. Nxd5 Nxd5 16. Nxc6
1-0

[Event "8 Player Open 19"]
[Site "SchemingMind.com"]
[Date "2015.01.26"]
[Round "-"]
[White "emvarela"]
[Black "MazetaFighter"]
[Result "0-1"]
[WhiteCountry "ARG"]
[BlackCountry "GRE"]
[WhiteElo "1695"]
[WhiteRD "49"]
[BlackElo "2093"]
[BlackRD "72"]
[GameID "373582"]

1. e4 e5 2. Nf3 Nc6 3. Bb5 Nf6 4. O-O Nxe4 5. Re1 Nd6 6. Nxe5 Be7 7. Bxc6 dxc6 8. d4 O-O 9. Nc3 Re8 10. Qf3 f6
11. Nd3 Nf5 12. Be3 Nxd4 13. Bxd4 Qxd4 14. Re4 Qd6 15. Rd1 Qd8 16. Nf4 Bd6 17. Nh5 f5 18. Rxe8+ Qxe8 19. Ng3 Qg6 20. Nce2 Bd7
21. Nd4 Kh8 22. Qh5 Qxh5 23. Nxh5 c5 24. Nf3 Bc6 25. Ng5 Kg8 26. Ne6 g6 27. Nhf4 Re8 28. g3 h6 29. h4 Kf7 30. Re1 Bxf4
31. Nd8+ Rxd8 32. gxf4 Bf3
0-1

[Event "8 Player Open 19"]
[Site "SchemingMind.com"]
[Date "2015.01.24"]
[Round "-"]
[White "MazetaFighter"]
[Black "Scooter"]
[Result "1-0"]
[WhiteCountry "GRE"]
[BlackCountry "USA"]
[WhiteElo "1983"]
[WhiteRD "85"]
[BlackElo "1731"]
[BlackRD "44"]
[GameID "373583"]

1. d4 Nf6 2. c4 g6 3. Nc3 Bg7 4. e4 d6 5. Nf3 O-O 6. Be2 Bg4 7. Be3 Nbd7 8. h3 Bxf3 9. Bxf3 e5 10. d5 Re8
11. O-O a6 12. b4 Nb6 13. Qb3 Rc8 14. c5 dxc5 15. bxc5 Nbd7 16. Qxb7 Ra8 17. Rab1 Bf8 18. Qc6 Nb8 19. Qxa8
1-0

[Event "8 Player Open 19"]
[Site "SchemingMind.com"]
[Date "2015.01.23"]
[Round "-"]
[White "Scooter"]
[Black "MazetaFighter"]
[Result "0-1"]
[WhiteCountry "USA"]
[BlackCountry "GRE"]
[WhiteElo "1708"]
[WhiteRD "44"]
[BlackElo "2009"]
[BlackRD "78"]
[GameID "373584"]

1. d4 Nf6 2. Nf3 d5 3. Bf4 Bf5 4. e3 e6 5. Bd3 Bxd3 6. cxd3 Nc6 7. h3 Bb4+ 8. Nbd2 O-O 9. a3 Bd6 10. Bxd6 Qxd6
11. O-O Rad8 12. Rc1 e5 13. dxe5 Nxe5 14. b4 Nxd3 15. Rc3 Ne5 16. Nxe5 Qxe5 17. Qc2 c6 18. Nf3 Qe4 19. Qxe4 Nxe4 20. Rc2 Rfe8
21. Nd2 Nxd2 22. Rxd2 Re4 23. Rc1 a6 24. Rc5 Kf8 25. Rd3 Rde8 26. Rdc3 f5 27. Kf1 f4 28. Ke2 fxe3 29. Rxe3 Rxe3+ 30. fxe3 Re6
31. Rc1 d4 32. Rf1+ Ke7 33. Kd3 dxe3 34. Re1 Kd6 35. Rxe3 Rxe3+ 36. Kxe3 Ke5 37. a4 b6 38. g4 g5
0-1

[Event "8 Player Open 19"]
[Site "SchemingMind.com"]
[Date "2015.01.24"]
[Round "-"]
[White "MazetaFighter"]
[Black "Stephen Woodhouse"]
[Result "1/2-1/2"]
[WhiteCountry "GRE"]
[BlackCountry "ENG"]
[WhiteElo "2009"]
[WhiteRD "78"]
[BlackElo "1859"]
[BlackRD "49"]
[GameID "373585"]

1. e4 e6 2. d4 d5 3. Nc3 Nf6 4. e5 Nfd7 5. f4 c5 6. Nf3 Nc6 7. Be3 cxd4 8. Nxd4 Bc5 9. Qd2 Nxd4 10. Bxd4 Bxd4
11. Qxd4 Qb6 12. Qxb6 Nxb6 13. Nb5 Ke7 14. Nd6 f6 15. O-O-O fxe5 16. fxe5 Nd7 17. Be2 Nxe5 18. Nb5 Bd7 19. Nc3 Rhf8 20. Rhe1 Nc6
21. Bg4 Kd6 22. Ne4+ Kc7 23. Nc5 Rfe8 24. Nxe6+ Bxe6 25. Bxe6 Rad8 26. Bg4 Ne5 27. Bh3 Kc6 28. Kb1 Ng6 29. g3 Rxe1 30. Rxe1 Rf8
31. Rf1 Rxf1+ 32. Bxf1 Ne5 33. Be2 g6= 34. c3 Kc5 35. Kc2 d4 36. Bf1 dxc3 37. Kxc3 b6 38. Bg2 Ng4 39. b4+ Kd6 40. h3 Ne3
41. Bf3 Ke5 42. a4=
1/2-1/2

[Event "8 Player Open 19"]
[Site "SchemingMind.com"]
[Date "2015.01.23"]
[Round "-"]
[White "Stephen Woodhouse"]
[Black "MazetaFighter"]
[Result "0-1"]
[WhiteCountry "ENG"]
[BlackCountry "GRE"]
[WhiteElo "1859"]
[WhiteRD "49"]
[BlackElo "2009"]
[BlackRD "78"]
[GameID "373586"]

1. e4 e5 2. Nf3 Nc6 3. d4 exd4 4. Nxd4 Nf6 5. Nc3 Bb4 6. Nxc6 bxc6 7. Bd3 d5 8. exd5 cxd5 9. O-O O-O 10. Bg5 c6
11. Qf3 Bd6 12. Rae1 Rb8 13. Nd1 h6 14. Bxf6 Qxf6 15. Qxf6 gxf6 16. b3 Be6 17. Ne3 f5 18. Bxf5 Bb4 19. Rd1 h5 20. Bxe6 fxe6
21. Rd4 Be7 22. Re1 e5 23. Ra4 Rb7 24. Nf1 Bc5 25. Ne3 Rbf7 26. Nd1 Bxf2+ 27. Nxf2 Rxf2 28. Rxa7 Rxc2 29. h4 e4 30. Rf1= d4
31. Rxf8+ Kxf8 32. Kf1 d3 33. Rd7 Rxa2 34. Rd4 Re2
0-1

[Event "8 Player Open 19"]
[Site "SchemingMind.com"]
[Date "2015.01.24"]
[Round "-"]
[White "jerryface"]
[Black "MazetaFighter"]
[Result "0-1"]
[WhiteCountry "USA"]
[BlackCountry "GRE"]
[WhiteElo "1572"]
[WhiteRD "87"]
[BlackElo "2038"]
[BlackRD "76"]
[GameID "373588"]

1. e4 e5 2. Nf3 Nc6 3. Bb5 a6 4. Bxc6 dxc6 5. O-O Qf6 6. d4 exd4 7. Nxd4 Bd7 8. Be3 O-O-O 9. f4 Bc5 10. c3 Nh6
11. b4 Ng4 12. Qf3 Ba7 13. Nd2 Rhe8 14. h3 Nxe3 15. Qxe3 c5 16. bxc5 Bxc5 17. e5 Qg6 18. Qe2 Bxh3 19. Kh1 Bg4 20. N2f3 Bxd4
21. cxd4 Rxd4 22. Qe3 Rd3 23. Qe2 Red8 24. Rad1 Qh5+ 25. Kg1 Bxf3 26. gxf3 Qg6+ 27. Kf2 Rxd1 28. Rxd1 Rxd1 29. Qxd1 b5 30. Ke3 h5
31. a4 h4 32. axb5 axb5 33. Qb3 Qb6+ 34. Ke4 h3 35. Qxf7 h2 36. Qh5 Qc6+ 37. Ke3 Qc1+ 38. Kf2 Qc2+ 39. Kf1 h1=Q+ 40. Qxh1 Qd1+
41. Kg2 Qxh1+
0-1

[Event "8 Player Open 19"]
[Site "SchemingMind.com"]
[Date "2015.01.23"]
[Round "-"]
[White "Geoffrey Rosser"]
[Black "Simon Green"]
[Result "1-0"]
[WhiteCountry "ENG"]
[BlackCountry "ENG"]
[WhiteElo "1821"]
[WhiteRD "65"]
[BlackElo "1615"]
[BlackRD "55"]
[GameID "373601"]

1. e4 e6 2. d4 d5 3. Nd2 Nf6 4. e5 Nfd7 5. f4 c5 6. Ndf3 c4 7. c3 Be7 8. Qc2 f5 9. exf6 Nxf6 10. Ne5 Nc6
11. Ngf3 Ne4 12. Bxc4 Nxe5 13. Nxe5 Nd6 14. Bd3 Nf5 15. Bb5+ Kf8 16. O-O a6 17. Bd3 Bd7 18. g4 Nh6 19. Bxh7 Bf6 20. Ng6+ Kf7
21. Nxh8+ Qxh8 22. g5
1-0

[Event "8 Player Open 19"]
[Site "SchemingMind.com"]
[Date "2015.01.23"]
[Round "-"]
[White "Simon Green"]
[Black "Geoffrey Rosser"]
[Result "0-1"]
[WhiteCountry "ENG"]
[BlackCountry "ENG"]
[WhiteElo "1615"]
[WhiteRD "55"]
[BlackElo "1821"]
[BlackRD "65"]
[GameID "373602"]

1. d4 Nf6 2. e3 d5 3. Bd3 c5 4. c3 cxd4 5. cxd4 Nc6 6. f4 Bg4 7. Nf3 e6 8. O-O h5 9. Nbd2 Qc7 10. a3 O-O-O
11. Qe1 Bf5 12. Bxf5 exf5 13. h3 Ne4 14. Nxe4 fxe4 15. Ne5 Nxe5 16. Bd2 Nc6 17. Rc1 Kb8 18. Rc3 f5 19. Qe2 Qb6 20. Rc2 Be7
21. Rfc1 g5 22. fxg5 Bxg5 23. g3 h4 24. g4 fxg4 25. hxg4 h3 26. Qh2+ Ka8 27. Be1 Bxe3+
0-1

[Event "8 Player Open 19"]
[Site "SchemingMind.com"]
[Date "2015.01.23"]
[Round "-"]
[White "thefriediceman"]
[Black "Simon Green"]
[Result "1-0"]
[WhiteCountry "USA"]
[BlackCountry "ENG"]
[WhiteElo "1996"]
[WhiteRD "89"]
[BlackElo "1615"]
[BlackRD "55"]
[GameID "373603"]

1. e4 e6 2. Nc3 d5 3. g3 Nf6 4. e5 Nfd7 5. f4 c5 6. Nf3 Nc6 7. b3 a6 8. Bb2 Be7 9. Bg2 b5 10. Ne2 O-O
11. O-O f5 12. exf6 Bxf6 13. Bxf6 Nxf6 14. c3 c4 15. h3 Bb7 16. Ned4 Qd7 17. Nxc6 Bxc6 18. Ne5 Qd6 19. Nxc6 Qxc6 20. Kh2 Ra7
21. Re1 Re7 22. Rc1 Nd7 23. b4 Rf6 24. Qh5 Rf5 25. Qxf5 Nf6 26. Qe5 Nd7 27. Qd4 Nf8 28. f5 Kf7 29. fxe6+ Nxe6 30. Bxd5 Qd6
31. Rxe6 Rxe6 32. Bxe6+ Qxe6 33. Rf1+ Kg6 34. Qg4+
1-0

[Event "8 Player Open 19"]
[Site "SchemingMind.com"]
[Date "2015.01.23"]
[Round "-"]
[White "Simon Green"]
[Black "thefriediceman"]
[Result "0-1"]
[WhiteCountry "ENG"]
[BlackCountry "USA"]
[WhiteElo "1615"]
[WhiteRD "55"]
[BlackElo "1996"]
[BlackRD "89"]
[GameID "373604"]

1. d4 d5 2. e3 e6 3. Bd3 Nf6 4. f4 c5 5. c3 c4 6. Bc2 b5 7. Nf3 Nc6 8. O-O Bb7 9. Qe1 Qb6 10. Nbd2 a5
11. Ne5 Be7 12. a3 O-O 13. Ndf3 b4 14. axb4 axb4 15. Rxa8 Rxa8 16. Bd2 bxc3 17. Bxc3 Nb4 18. Qe2 Nxc2 19. Qxc2 h6 20. g4 Ne4
21. Nd2 Nxc3 22. bxc3 Ra3 23. Rb1 Qa7 24. Qb2 Bc8 25. Nc6 Qc7 26. Nxe7+ Qxe7 27. Qb8 Qd7 28. Qb4 Ra7 29. Qb3 cxb3
0-1

[Event "8 Player Open 19"]
[Site "SchemingMind.com"]
[Date "2015.01.24"]
[Round "-"]
[White "MazetaFighter"]
[Black "Simon Green"]
[Result "1-0"]
[WhiteCountry "GRE"]
[BlackCountry "ENG"]
[WhiteElo "2009"]
[WhiteRD "78"]
[BlackElo "1640"]
[BlackRD "53"]
[GameID "373605"]

1. e4 e6 2. d4 d5 3. Nc3 Nf6 4. e5 Nfd7 5. f4 c5 6. Nf3 c4 7. Be2 Be7 8. O-O Nc6 9. b3 b5 10. Nxb5 a6
11. Nc3 O-O 12. bxc4 dxc4 13. Bxc4 Nb6 14. Bd3 Nxd4 15. Bxh7+ Kxh7 16. Nxd4 Bc5 17. Qd3+ g6 18. Be3 Bb7 19. Bf2 Bxd4 20. Qxd4 Qxd4
21. Bxd4 Nc4 22. Rab1 Rab8 23. Ba7 Nd2 24. Bxb8 Rxb8 25. Rfd1 Nxb1 26. Rxb1 Kg8 27. Na4 Kf8 28. Nc5 Ke8 29. Rxb7
1-0

[Event "8 Player Open 19"]
[Site "SchemingMind.com"]
[Date "2015.01.23"]
[Round "-"]
[White "Simon Green"]
[Black "MazetaFighter"]
[Result "0-1"]
[WhiteCountry "ENG"]
[BlackCountry "GRE"]
[WhiteElo "1615"]
[WhiteRD "55"]
[BlackElo "1983"]
[BlackRD "85"]
[GameID "373606"]

1. d4 Nf6 2. e3 d5 3. Bd3 c5 4. c3 Nc6 5. f4 Bg4 6. Nf3 e6 7. O-O Bd6 8. Nbd2 cxd4 9. cxd4 O-O 10. Qe1 Nb4
11. Qe2 Nxd3 12. Qxd3 Rc8 13. Ne5 Bf5 14. Qe2 h6 15. Nb3 a6 16. h3 Ne4 17. Qf3 Rc2 18. g4 Bh7 19. h4 Qxh4
0-1

[Event "8 Player Open 19"]
[Site "SchemingMind.com"]
[Date "2015.01.27"]
[Round "-"]
[White "emvarela"]
[Black "Simon Green"]
[Result "1-0"]
[WhiteCountry "ARG"]
[BlackCountry "ENG"]
[WhiteElo "1679"]
[WhiteRD "50"]
[BlackElo "1583"]
[BlackRD "53"]
[GameID "373607"]

1. e4 e6 2. d4 d5 3. Nc3 Nf6 4. e5 Nfd7 5. f4 c5 6. dxc5 Bxc5 7. Bb5 Nc6 8. Bxc6 bxc6 9. Nf3 O-O 10. Qd3 f5
11. Be3 Bxe3 12. Qxe3 Ba6 13. O-O-O Qa5 14. Nd4 c5 15. Nb3 d4 16. Nxa5 dxe3 17. Rxd7 Rfd8 18. Rxd8+ Rxd8 19. Re1 Rd2 20. Rxe3 Rxg2
21. Nc6 Rxh2 22. Nd8 Bc8 23. Nc6 a6 24. Ne7+
1-0

[Event "8 Player Open 19"]
[Site "SchemingMind.com"]
[Date "2015.01.26"]
[Round "-"]
[White "Simon Green"]
[Black "emvarela"]
[Result "1-0"]
[WhiteCountry "ENG"]
[BlackCountry "ARG"]
[WhiteElo "1583"]
[WhiteRD "53"]
[BlackElo "1679"]
[BlackRD "50"]
[GameID "373608"]

1. d4 Nf6 2. e3 d5 3. Bd3 Bg4 4. f3 Bd7 5. f4 e6 6. Nf3 c5 7. c3 c4 8. Bc2 Be7 9. O-O O-O 10. Nbd2 Nc6
11. Qe1 b5 12. Ne5 Nxe5 13. fxe5 Ne8 14. e4 f6 15. exf6 Bxf6 16. e5 Bg5 17. Bxh7+ Kxh7 18. Rxf8 Qe7 19. Rf3 g6 20. Qf2 Ng7
21. Rf7 Qe8 22. Nf1 Bxc1 23. Rxc1 Rd8 24. Qf6
1-0

[Event "8 Player Open 19"]
[Site "SchemingMind.com"]
[Date "2015.01.23"]
[Round "-"]
[White "Scooter"]
[Black "Simon Green"]
[Result "1-0"]
[WhiteCountry "USA"]
[BlackCountry "ENG"]
[WhiteElo "1731"]
[WhiteRD "44"]
[BlackElo "1615"]
[BlackRD "55"]
[GameID "373609"]

1. d4 e6 2. Nf3 d5 3. Bf4 c5 4. e3 c4 5. c3 Nc6 6. Be2 Bd6 7. Bxd6 Qxd6 8. Nbd2 Nf6 9. O-O b5 10. Qc2 Ng4
11. h3 Nh6 12. Ng5 g6 13. e4 f6 14. Ngf3 O-O 15. Qc1 a5 16. exd5 exd5 17. Nxc4 bxc4 18. Qxh6 Bf5 19. Nh4 Ne7 20. Nxf5 Nxf5
21. Qd2 Rfe8 22. Bg4 Qd7 23. Bxf5 Qxf5 24. Rae1 Kf7 25. Rxe8 Rxe8 26. Re1 Rxe1+ 27. Qxe1 Qc2 28. Qa1 a4 29. g4 f5 30. g5 Qd3
31. Kg2 Qe4+ 32. f3 Qe2+ 33. Kg3 Qe5+ 34. dxe5
1-0

[Event "8 Player Open 19"]
[Site "SchemingMind.com"]
[Date "2015.01.23"]
[Round "-"]
[White "Simon Green"]
[Black "Scooter"]
[Result "0-1"]
[WhiteCountry "ENG"]
[BlackCountry "USA"]
[WhiteElo "1615"]
[WhiteRD "55"]
[BlackElo "1731"]
[BlackRD "44"]
[GameID "373610"]

1. d4 Nf6 2. e3 g6 3. Bd3 Bg7 4. f4 O-O 5. Nf3 d6 6. O-O Bg4 7. Nbd2 Nd5 8. Qe1 Nb4 9. a3 Nxd3 10. cxd3 Bxf3
11. Nxf3 Nd7 12. e4 c5 13. dxc5 Nxc5 14. Qe2 Qb6 15. Be3 Qb3 16. Bxc5 dxc5 17. Rab1 Rfd8 18. Rfd1 Bd4+ 19. Nxd4 Rxd4 20. Rbc1 b6
21. Rc3 Qb5 22. Qc2 Rad8 23. h3 Qd7 24. b3 Rxe4 25. dxe4 Qxd1+ 26. Qxd1 Rxd1+ 27. Kh2 Rd4 28. Re3 c4 29. bxc4 Rxc4 30. Kg3 a5
31. Kf2 b5 32. Kf3 b4 33. axb4 Rxb4 34. Ra3 a4 35. Ke3 h5 36. g3 f6 37. g4 e5 38. f5 gxf5 39. gxf5 h4 40. Kf3 Rb3+
0-1

[Event "8 Player Open 19"]
[Site "SchemingMind.com"]
[Date "2015.01.23"]
[Round "-"]
[White "Simon Green"]
[Black "Stephen Woodhouse"]
[Result "1/2-1/2"]
[WhiteCountry "ENG"]
[BlackCountry "ENG"]
[WhiteElo "1615"]
[WhiteRD "55"]
[BlackElo "1883"]
[BlackRD "48"]
[GameID "373611"]

1. d4 e6 2. e3 f5 3. f4 Nf6 4. Bd3 b6 5. Nf3 Bb7 6. O-O Be7 7. Nbd2 O-O 8. Qe1 Ne4 9. Bxe4 fxe4 10. Ne5 d6
11. Ng4 Nd7 12. b3 Nf6 13. Nxf6+ Bxf6 14. Bb2 Qe7 15. Rd1 e5 16. fxe5 dxe5 17. dxe5 Bxe5 18. Bxe5 Qxe5 19. Nc4 Qe6 20. Qg3 Rxf1+
21. Rxf1 Ba6 22. Qxc7 Rc8 23. Qxa7 Bxc4 24. bxc4 Rxc4 25. Qa8+ Rc8 26. Qa4 Qd5 27. Qb3 Qxb3 28. cxb3 Rc2 29. Rf2 Rc1+ 30. Rf1 Rc2
31. Rf2 Rc1+=
1/2-1/2

[Event "8 Player Open 19"]
[Site "SchemingMind.com"]
[Date "2015.01.23"]
[Round "-"]
[White "Stephen Woodhouse"]
[Black "Simon Green"]
[Result "1-0"]
[WhiteCountry "ENG"]
[BlackCountry "ENG"]
[WhiteElo "1883"]
[WhiteRD "48"]
[BlackElo "1615"]
[BlackRD "55"]
[GameID "373612"]

1. e4 e6 2. d4 d5 3. Nd2 Nf6 4. e5 Nfd7 5. Bd3 c5 6. Ne2 c4 7. Nxc4 dxc4 8. Bxc4 Nc6 9. O-O Be7 10. c3 O-O
11. Ng3 a6 12. Qg4 g6 13. Ne4 Nb6 14. Bb3 f5 15. exf6 Bxf6 16. Bxe6+ Bxe6 17. Qxe6+ Kg7 18. Qh3 Kf7 19. Qxh7+ Ke6 20. Nc5+ Kd5
21. Qxg6 Qe7 22. Qf5+ Kc4 23. b3+ Kxc3 24. Qd3+ Kb4 25. a3+ Ka5 26. Bd2+
1-0

[Event "8 Player Open 19"]
[Site "SchemingMind.com"]
[Date "2015.01.24"]
[Round "-"]
[White "Simon Green"]
[Black "jerryface"]
[Result "0-1"]
[WhiteCountry "ENG"]
[BlackCountry "USA"]
[WhiteElo "1583"]
[WhiteRD "53"]
[BlackElo "1620"]
[BlackRD "93"]
[GameID "373613"]

1. d4 Nf6 2. e3 c5 3. c3 Qb6 4. f4 d5 5. Bd3 Nc6 6. Nf3 Bg4 7. Nbd2 c4 8. Bc2 Nd7 9. O-O g6 10. Qe1 Bg7
11. Ne5 Bxe5 12. fxe5 h5 13. e4 O-O-O 14. Rxf7 dxe4 15. Nxc4 Qa6 16. Nd6+ exd6 17. exd6 Rde8 18. Bg5 Rhf8 19. Rxf8 Rxf8 20. Bxe4 Be2
21. Bf3 Bxf3 22. gxf3 Na5 23. Be7 Rxf3 24. Qe4 Rf7 25. Qxg6 Qc4 26. Qg8+ Nf8 27. Qg3 Nc6 28. Qh3+ Kb8 29. Qxh5 Nxe7 30. dxe7 Rxe7
31. Qh6 Qg8+ 32. Kh1 Rh7 33. Qd6+ Kc8 34. Qc5+ Kb8 35. Re1 Nd7 36. Re7 Nxc5
0-1

[Event "8 Player Open 19"]
[Site "SchemingMind.com"]
[Date "2015.01.24"]
[Round "-"]
[White "jerryface"]
[Black "Simon Green"]
[Result "0-1"]
[WhiteCountry "USA"]
[BlackCountry "ENG"]
[WhiteElo "1620"]
[WhiteRD "93"]
[BlackElo "1583"]
[BlackRD "53"]
[GameID "373614"]

1. e4 e6 2. d4 d5 3. e5 c5 4. c3 c4 5. Nf3 Ne7 6. b3 b5 7. Bg5 Nbc6 8. Na3 a6 9. Nc2 Qc7 10. Bxe7 Bxe7
11. b4 a5 12. a3 a4 13. Ne3 Bb7 14. Be2 O-O-O 15. Qc2 h6 16. g4 g5 17. O-O-O Rdf8 18. Ng2 Qd7 19. h4 f5 20. gxf5 Rxf5
21. hxg5 Bxg5+ 22. Nxg5 Rxg5 23. Nf4 Qf7 24. Nh3 Rg7 25. f4 Rg2 26. Rdf1 Ne7 27. Qd1 Nf5 28. Rf3 Nh4 29. Bf1 Rg7 30. Rf2 Rg3
31. Rc2 Rhg8 32. Be2 Qf5 33. Bf1 Qe4 34. Nf2 Qxf4+ 35. Kb1 Bc6 36. Qh5 Rg1 37. Rxh4 Rxf1+ 38. Nd1 Qg3 39. Kc1 Qe3+ 40. Rd2 Rgg1
41. Kc2 Rxd1 42. Rxd1 Rg2+
0-1